Domino con le Forme e Bandiere dei Paesi - Statistics

Statistiche generali
  • Questo quiz è stato fatto 8.889 volte
  • Il punteggio medio è 10 su 15
Risposte nella Mappa
Le risposte nella mappa del quiz sottostante sono codificate secondo una scala di colori dal rosso al verde in base alla % di persone che hanno risposto correttamente.
 
Statistiche sulle risposte
Risposta % Corretto
86%
79%
72%
69%
69%
66%
66%
66%
62%
61%
61%
59%
59%
51%
41%
Nessun quiz corrispondente trovato
Distribuzione punteggi
Percentuale di utenti per punteggio
Percentile per numero di risposta
I tuoi punteggi nel tempo
Non hai fatto questo quiz